| Tag |
First Indicator |
Second Indicator |
Subfields |
| LEADER |
00000cam a22000003a 4500 |
| 001 |
in00003965576 |
| 006 |
m o d |
| 007 |
cr |n| |
| 008 |
130520s2013 stka ob 001 0 eng d |
| 005 |
20250816191224.1 |
| 020 |
|
|
|a 0748645225
|q (electronic bk.)
|
| 020 |
|
|
|a 9780748645220
|q (electronic bk.)
|
| 020 |
|
|
|z 9780748645213
|q (hbk.)
|
| 020 |
|
|
|z 0748645217
|q (hbk.)
|
| 024 |
8 |
|
|a 99974749748
|
| 035 |
|
|
|a (NhCcYBP)ybp9997452
|
| 037 |
|
|
|a 22573/ctt342pmz
|b JSTOR
|
| 040 |
|
|
|a NhCcYBP
|c NhCcYBP
|d UtOrBLW
|
| 050 |
|
4 |
|a PN56.M54
|b W458 2013
|
| 072 |
|
7 |
|a LIT000000
|2 bisacsh
|
| 082 |
0 |
4 |
|a 809.911
|2 23
|
| 100 |
1 |
|
|a White, Eric B.
|0 http://id.loc.gov/authorities/names/no2014056559
|
| 245 |
1 |
0 |
|a Transatlantic avant-gardes :
|b little magazines and localist modernism /
|c Eric B. White.
|
| 264 |
|
1 |
|a Edinburgh :
|b Edinburgh University Press,
|c [2013]
|
| 264 |
|
4 |
|c ©2013
|
| 300 |
|
|
|a 1 online resource.
|
| 336 |
|
|
|a text
|b txt
|2 rdacontent
|
| 337 |
|
|
|a computer
|b c
|2 rdamedia
|
| 338 |
|
|
|a online resource
|b cr
|2 rdacarrier
|
| 490 |
1 |
|
|a Edinburgh studies in transatlantic literatures
|
| 504 |
|
|
|a Includes bibliographical references and index.
|
| 588 |
0 |
|
|a Print version record.
|
| 500 |
|
|
|a Electronic resource.
|
| 650 |
|
0 |
|a Literature, Experimental
|x History and criticism.
|0 http://id.loc.gov/authorities/subjects/sh2009129980
|
| 650 |
|
0 |
|a Modernism (Literature)
|x History and criticism.
|
| 650 |
|
0 |
|a Little magazines
|y 20th century
|x History and criticism.
|
| 650 |
|
0 |
|a European literature
|y 20th century
|x History and criticism.
|0 http://id.loc.gov/authorities/subjects/sh2008103349
|
| 650 |
|
0 |
|a American literature
|y 20th century
|x History and criticism.
|0 http://id.loc.gov/authorities/subjects/sh2007101049
|
| 648 |
|
7 |
|a 1900-1999
|2 fast
|
| 655 |
|
7 |
|a Electronic books.
|2 local
|
| 710 |
2 |
|
|a Cambridge University Press.
|0 http://id.loc.gov/authorities/names/n50059133
|
| 776 |
1 |
8 |
|i Print version:
|z 9780748645213
|z 0748645217
|
| 830 |
|
0 |
|a Edinburgh studies in transatlantic literatures.
|0 http://id.loc.gov/authorities/names/no2006018866
|
| 856 |
4 |
0 |
|u http://proxy.library.tamu.edu/login?url=https://www.cambridge.org/core/product/identifier/9780748645220/type/BOOK
|z Connect to the full text of this electronic book
|t 0
|
| 955 |
|
|
|a YBP purchased firm e-records
|
| 980 |
|
|
|b 140.00
|g 1
|
| 999 |
f |
f |
|s ef634afa-053a-3eeb-a7f3-a61681643442
|i 15fa876e-81e0-39b3-a9ec-9223d918c26f
|t 0
|
| 952 |
f |
f |
|a Texas A&M University
|b College Station
|c Electronic Resources
|d Available Online
|t 0
|e PN56.M54 W458 2013
|h Library of Congress classification
|
| 998 |
f |
f |
|a PN56.M54 W458 2013
|t 0
|l Available Online
|